000 00841nam a2200229Ii 4500
003 JO-AjNU
008 230605s9999||||xx |||||||||||||| ||und||
017 _a2017/6/2822
020 _a978-9957-631-98-7
040 _aJO-AjNU
_bara
_erda
_cJO-AjNU
041 _aara
050 1 4 _aP85.S18.S553 2018
100 3 _aشيباني، عبد القادر فهيم ,
_eauthor
_958611
245 0 0 _aالنسق وسيميائيات العلامة اللسانية: قراءة في فكر فيردينان دو سوسير
250 _aط1
264 3 1 _aإربد: عالم الكتب الحديث للنشر والتوزيع، 2018
300 _a112ص
336 _atext
_btxt
_2rdacontent
337 _aunmediated
_bn
_2rdamedia
338 _avolume
_bnc
_2rdacarrier
650 4 _aعلم اللغة - لسانيات - سيميائيات
_958612
999 _aA26329
_c29897
_d29897